000 00606ntaaa2200193 4500
003 01
005 20251027203048.0
008 0714s1973 ag 01
040 _aAR-BaBN
_bspa
_cAR-BaBN
_eaacr
_dRIC
082 _a220.5610 C26b
100 _aBiblia. Castellano. Casa de la Biblia. 1967
_931855
245 _aLa Biblia
250 _a1 ed.
260 _aMadrid :
_bCasa de la Biblia,
_c1967
300 _a1018 p ;
_c16 cm
500 _a"Traducida de los textos originales por el equipo hispano-americano de la Casa de la Biblia"
650 _aBiblia. EspaƱol. Casa de la Biblia. 1967
_931856
942 _cBK
999 _c26005
_d26005